00413nam a2200157Ia 45000010006000000050017000060080041000230410008000640820015000721000021000872450094001082600009002023000028002116500008002396540008002472386020260414151005.0260414t2004||||xx |||||||||||||| ||spa|| aESP a720.1bZ76 aZevi, BrunoeAUT 0aSaber ver la arquitectura :bensayo sobre la interpretación espacial de la arquitectura c2004 a222 páginas :c21 cm. aABD aCAU